[Event "23rd Mikhail Chigorin Memorial"]
[Site "Sochi URS"]
[Date "1989.??.??"]
[Round "?"]
[White "Geller, Efim"]
[Black "Pigusov, Evgeny"]
[WhiteElo "2505"]
[BlackElo "2560"]
[Result "1/2-1/2"]
[EventDate "1989.??.??"]
[PlyCount "40"]

1. e4 c5 2. Nf3 Nc6 3. d4 cxd4 4. Nxd4 g6 5. c4 Nf6 6. Nc3 d6 7. Nc2 Bg7 8. Be2
Nd7 9. Bd2 O-O 10. O-O Nc5 11. b4 Ne6 12. Rc1 a5 13. a3 axb4 14. axb4 Ncd4 15.
Nxd4 Nxd4 16. Be3 e5 17. Nb5 Nxb5 18. cxb5 Be6 19. Bc4 Qd7 20. Qd3 Rfc8 1/2-1/2

[Event "23rd Mikhail Chigorin Memorial"]
[Site "Sochi URS"]
[Date "1989.??.??"]
[Round "?"]
[White "Geller, Efim"]
[Black "Popchev, Milko"]
[WhiteElo "2505"]
[BlackElo "2425"]
[Result "1/2-1/2"]
[EventDate "1989.??.??"]
[PlyCount "89"]

1. e4 d6 2. d4 Nf6 3. Nc3 g6 4. g3 Bg7 5. Bg2 O-O 6. Nge2 e5 7. h3 Nbd7 8. Be3
a6 9. a4 Rb8 10. a5 b6 11. axb6 cxb6 12. O-O Bb7 13. Re1 Re8 14. d5 b5 15. Nc1
Nb6 16. Nd3 Nfd7 17. Nb1 Qc7 18. Nd2 Rec8 19. c3 Ra8 20. Rc1 Nc4 21. Nxc4 bxc4
22. Nb4 Nc5 23. Bxc5 Qxc5 24. Ra1 a5 25. Nc2 f5 26. exf5 gxf5 27. Qh5 Bxd5 28.
Bxd5+ Qxd5 29. Ne3 Qf7 30. Qxf5 Rc7 31. Rad1 Rd8 32. Qg5 Rf8 33. Ng4 Qe6 34.
Qd2 Kh8 35. Ne3 h5 36. Qd5 Qxh3 37. Qxd6 Rfc8 38. Re2 h4 39. g4 Qf3 40. Red2 h3
41. Qd5 e4 42. Qh5+ Kg8 43. Qd5+ Rf7 44. Qe6 Rcf8 45. Ra1 1/2-1/2

[Event "23rd Mikhail Chigorin Memorial"]
[Site "Sochi URS"]
[Date "1989.??.??"]
[Round "?"]
[White "Kotronias, Vasilios"]
[Black "Goldin, Alexander"]
[WhiteElo "2475"]
[BlackElo "2525"]
[Result "1-0"]
[EventDate "1989.??.??"]
[PlyCount "80"]

1. d4 Nf6 2. Nf3 d5 3. c4 e6 4. Nc3 Be7 5. Bg5 Nbd7 6. e3 O-O 7. Rc1 a6 8. c5
c6 9. Bd3 e5 10. dxe5 Ne8 11. Bxe7 {N} (11. Bf4) (11. h4 $5) 11... Qxe7 12. Qc2
h6 13. e4 Nxe5 (13... Nxc5 14. exd5 $16) 14. Nxe5 Qxe5 15. O-O Nf6 (15... dxe4
16. Nxe4 $14) 16. exd5 Ng4 (16... Nxd5 17. Rfe1 Qh5 18. Nxd5 Qxd5 19. Bc4 $16)
17. g3 Qh5 18. h4 cxd5 (18... g5 $5 19. Ne4 f5 $13) 19. Qe2 Be6 (19... g5 20.
Nxd5 gxh4 21. Qxg4+ Bxg4 22. Nf6+ Kg7 23. Nxh5+ Bxh5 24. gxh4 $16) 20. Qf3 Rad8
21. Ne2 Qe5 $6 (21... g5 $5) 22. b4 Qb2 23. Qf4 Ne5 24. Rc2 Nxd3 25. Rxb2 Nxf4
26. Nxf4 Bf5 27. Rd2 d4 28. Re1 $16 d3 29. Re5 Bh7 30. f3 Rfe8 31. Rxe8+ Rxe8
32. Kf2 Rd8 33. Ke3 Re8+ 34. Kd4 g5 35. hxg5 hxg5 36. Nxd3 g4 37. fxg4 Re4+ 38.
Kd5 Rxg4 39. Ne5 Rxb4 40. Rf2 Rb2 $138 {Ftacnik} 1-0

[Event "23rd Mikhail Chigorin Memorial"]
[Site "Sochi URS"]
[Date "1989.??.??"]
[Round "?"]
[White "Kotronias, Vasilios"]
[Black "Nun, Jiri"]
[WhiteElo "2475"]
[BlackElo "2475"]
[Result "0-1"]
[EventDate "1989.??.??"]
[PlyCount "118"]

1. e4 c5 2. Nf3 Nc6 3. d4 cxd4 4. Nxd4 Nf6 5. Nc3 e5 6. Ndb5 d6 7. Bg5 a6 8.
Na3 b5 9. Bxf6 gxf6 10. Nd5 f5 11. c3 Bg7 12. exf5 Bxf5 13. Nc2 Ne7 14. Nce3
Be6 15. g3 Nxd5 16. Nxd5 O-O 17. Bg2 a5 18. O-O Rb8 19. Qh5 Kh8 20. Rfd1 b4 21.
c4 b3 22. axb3 Rxb3 23. Rd2 Qb8 24. Nf6 h6 25. Rad1 Rxb2 26. Rxd6 Rb1 27. c5
Rxd1+ 28. Rxd1 Rd8 29. Rf1 Rd4 30. Ne4 Kg8 31. Nd6 a4 32. Nf5 Bxf5 33. Qxf5 a3
34. c6 e4 35. Qa5 Qb4 36. Qa8+ Qf8 37. Qa6 Be5 38. Re1 Kg7 39. Bxe4 Qb4 40. Qe2
a2 41. Bd3 Bc7 42. Ra1 Qc3 43. Rxa2 Qxd3 44. Qxd3 Rxd3 45. Rc2 Kf6 46. Kg2 Ke6
47. Kh3 Kd6 48. f4 h5 49. Kh4 Rd5 50. g4 hxg4 51. Kxg4 Ke6 52. Rc4 Kf6 53. h4
Kg6 54. Ra4 f5+ 55. Kf3 Rd3+ 56. Ke2 Rc3 57. Ra6 Kh5 58. Ra7 Rxc6 59. Ra8 Bxf4
0-1

[Event "23rd Mikhail Chigorin Memorial"]
[Site "Sochi URS"]
[Date "1989.??.??"]
[Round "?"]
[White "Kotronias, Vasilios"]
[Black "Pigusov, Evgeny"]
[WhiteElo "2475"]
[BlackElo "2560"]
[Result "0-1"]
[EventDate "1989.??.??"]
[PlyCount "84"]

1. e4 c5 2. Nf3 d6 3. d4 cxd4 4. Nxd4 Nf6 5. Nc3 a6 6. Be3 e5 7. Nf3 Be7 8. Bc4
O-O 9. O-O h6 10. Qe2 Be6 11. Bb3 Qc7 12. Rad1 Nc6 13. Nh4 Na5 14. Ng6 Nxb3 15.
Nxe7+ Qxe7 16. axb3 Rfd8 17. Bb6 Rdc8 18. f3 Rc6 19. Qf2 Nd7 20. Be3 b5 21. Rd2
b4 22. Na4 Qd8 23. f4 Nf6 24. Qf3 Bg4 25. Qg3 h5 26. fxe5 Nxe4 27. Qf4 Nxd2 28.
Qxf7+ Kh8 29. Bxd2 dxe5 30. Rf2 Rf6 31. Rxf6 Qxf6 32. Qxf6 gxf6 33. Bxb4 Bd1
34. Be7 Kg7 35. Nb6 Rg8 36. c4 Kf7 37. Bb4 Bxb3 38. c5 Ke6 39. c6 Rg7 40. Nd7
Bd5 41. Nb8 Rxg2+ 42. Kf1 Rxb2 0-1

[Event "23rd Mikhail Chigorin Memorial"]
[Site "Sochi URS"]
[Date "1989.??.??"]
[Round "?"]
[White "Kotronias, Vasilios"]
[Black "Popchev, Milko"]
[WhiteElo "2475"]
[BlackElo "2425"]
[Result "1/2-1/2"]
[EventDate "1989.??.??"]
[PlyCount "101"]

1. e4 d6 2. d4 Nf6 3. Nc3 g6 4. g3 Bg7 5. Bg2 O-O 6. Nge2 e5 7. O-O c6 8. a4 a5
9. h3 Na6 10. b3 Nb4 11. Bb2 d5 12. exd5 exd4 13. Nxd4 Nbxd5 14. Nxd5 Nxd5 15.
Qf3 Qf6 16. Qxf6 Bxf6 17. Rad1 Re8 18. Ba1 Nb4 19. Nxc6 Bxa1 20. Nxb4 Be5 21.
Nd5 Ra6 22. Rfe1 Kf8 23. Bf1 Rae6 24. Bb5 Rd8 25. Nb6 Rxd1 26. Rxd1 Rxb6 27.
Rd8+ Kg7 28. Rxc8 Re6 29. Bc4 Re7 30. Rc5 b6 31. Rd5 Bc7 32. Kf1 Kf6 33. Rd3 h6
34. c3 Be5 35. f4 Bc7 36. Kf2 Re8 37. Kf3 Rd8 38. Bd5 Bd6 39. Bc4 Be7 40. Rxd8
Bxd8 41. Ke4 g5 42. fxg5+ hxg5 43. b4 Bc7 44. bxa5 bxa5 45. h4 Bxg3 46. h5 Be5
47. Kd3 Kg7 48. Bd5 f5 49. c4 g4 50. c5 Kh6 51. Be6 1/2-1/2

[Event "23rd Mikhail Chigorin Memorial"]
[Site "Sochi URS"]
[Date "1989.??.??"]
[Round "?"]
[White "Kotronias, Vasilios"]
[Black "Ulibin, Mikhail"]
[WhiteElo "2475"]
[BlackElo "2495"]
[Result "1-0"]
[EventDate "1989.??.??"]
[PlyCount "125"]

1. e4 e6 2. d4 d5 3. Nd2 c5 4. Ngf3 Nf6 5. exd5 exd5 6. Bb5+ Bd7 7. Bxd7+ Nbxd7
8. O-O Be7 9. dxc5 Nxc5 10. Nb3 Nce4 11. Nfd4 Qd7 12. Qf3 O-O 13. Nf5 Bd8 14.
Be3 g6 15. Ng3 Qc6 16. c3 Nd6 17. Nd4 Qa6 18. Rfe1 Re8 19. Bh6 Nfe4 20. Qf4 Bf6
21. Nxe4 Nxe4 22. h4 Qb6 23. Re2 Be5 24. Qf3 Bxd4 25. cxd4 Qxd4 26. Rae1 Re6
27. Qb3 Rb6 28. Rd1 Qf6 29. Qe3 Re6 30. Qh3 Rae8 31. Be3 Qd8 32. Rc2 Rc6 33.
Rxc6 bxc6 34. Bxa7 Qa8 35. Qa3 Rc8 36. f3 Ng3 37. Bc5 Qxa3 38. Bxa3 Nf5 39. g4
Nxh4 40. Kf2 g5 41. Be7 h6 42. Bf6 Kh7 43. a4 Ra8 44. Ra1 c5 45. a5 Ra6 46. Be7
c4 47. Bc5 Ng6 48. Ke3 Nf4 49. Kd4 Rc6 50. Bb6 Kg6 51. Kc3 Ne6 52. Rd1 Rd6 53.
Kb4 Nf4 54. Kc5 Re6 55. a6 Nd3+ 56. Kb5 Nxb2 57. a7 Re8 58. Rxd5 c3 59. Rd6+
Kh7 60. Rc6 Nd1 61. Bd4 Rd8 62. Bxc3 Ne3 63. Be5 1-0

[Event "23rd Mikhail Chigorin Memorial"]
[Site "Sochi URS"]
[Date "1989.??.??"]
[Round "?"]
[White "Lautier, Joel"]
[Black "Kholmov, Ratmir"]
[WhiteElo "2465"]
[BlackElo "2485"]
[Result "1/2-1/2"]
[EventDate "1989.??.??"]
[PlyCount "66"]

1. d4 Nf6 2. c4 e6 3. Nf3 Bb4+ 4. Nc3 c5 5. g3 O-O 6. Bg2 cxd4 7. Nxd4 d5 8.
Qb3 Na6 9. cxd5 Nxd5 10. O-O Nxc3 11. bxc3 Be7 12. Rd1 (12. Ba3 Bxa3 13. Qxa3
e5 14. Nb5 Qb6 15. Rab1 Nc5 16. Nd4 $10 {
Nogueiras,J-Romanishin,O/Szirak/1986/1/4-1/4/21/}) 12... Nc5 13. Qc2 Bd7 14. a4
Qe8 15. Nb5 $1 Bxb5 (15... a6 16. Nc7 Bxa4 17. Rxa4 Qxa4 18. Qxa4 Nxa4 19. Nxa8
Rxa8 20. Rd7) 16. axb5 Qxb5 17. Be3 $10 Rfd8 18. Rdb1 Qd7 19. Bxc5 Bxc5 20.
Rxb7 Qd6 21. Be4 g6 22. Kg2 Rac8 23. Bf3 Bb6 24. Rc1 Rc4 25. e3 Qc5 26. Rd1
Rxd1 27. Qxd1 Rxc3 28. Qd7 Qf8 29. Bg4 Rc2 30. Kg1 Rc1+ 31. Kg2 Rc2 32. Kg1
Rc1+ 33. Kg2 Rc2 {Ftacnik} 1/2-1/2

[Event "23rd Mikhail Chigorin Memorial"]
[Site "Sochi URS"]
[Date "1989.??.??"]
[Round "?"]
[White "Lautier, Joel"]
[Black "Schlosser, Michael"]
[WhiteElo "2465"]
[BlackElo "2430"]
[Result "1-0"]
[EventDate "1989.??.??"]
[PlyCount "47"]

1. d4 Nf6 2. c4 g6 3. Nc3 Bg7 4. e4 O-O 5. Be3 d6 6. f3 Nc6 7. Nge2 Rb8 8. Qd2
Re8 $6 {Erweist sich in einigen Varianten als Tempoverlust. >= 8...a6.} 9. h4
h5 10. O-O-O a6 11. Nd5 b5 12. Nxf6+ exf6 13. g4 $1 hxg4 14. h5 gxf3 15. Ng3
Qe7 (15... g5 16. h6 Bf8 17. Bd3 {/\ Tdg1,Sh5 |^}) 16. Qh2 Na5 $6 (16... g5 17.
h6 Bf8 18. Qh5 g4 19. Qh4 {/\ Sh5}) 17. hxg6 $18 fxg6 18. Qh7+ Kf7 19. Rh6 Bf5
20. Nxf5 gxf5 21. Rg6 Rg8 22. Bh6 Qf8 23. Bh3 f2 24. Rxf6+ $1 1-0

[Event "23rd Mikhail Chigorin Memorial"]
[Site "Sochi URS"]
[Date "1989.??.??"]
[Round "?"]
[White "Nun, Jiri"]
[Black "Razuvaev, Yuri"]
[WhiteElo "2475"]
[BlackElo "2545"]
[Result "1-0"]
[EventDate "1989.??.??"]
[PlyCount "99"]

1. e4 c5 2. c3 e6 3. d4 d5 4. e5 Nc6 5. Nf3 Bd7 6. Bd3 cxd4 7. cxd4 Qb6 8. O-O
Nxd4 9. Nbd2 $5 {N; Eine interessante Idee. Dieser Springer strebt aufs Feld
f3 statt wie ueblich nach c3.} 9... Ne7 10. Nxd4 Qxd4 11. Nf3 Qa4 12. b3 Qa5
13. Bd2 Qd8 14. Re1 $146 h6 15. b4 $1 a6 16. a4 Nc6 17. Rb1 Be7 18. b5 axb5 19.
axb5 Na5 20. Nd4 Nc4 (20... O-O $5 21. Qg4 (21. Re3 $5) 21... Bg5 22. f4 Be7
23. f5 Bg5 $13) 21. Bxc4 dxc4 22. Qg4 g6 23. Qe4 Bc8 24. b6 $1 $16 Qd5 25. Nb5
Qxe4 26. Rxe4 Ra2 27. Rxc4 Bd7 28. Bc1 $1 (28. Nc7+ Kf8 {/\ Kg7}) (28. Be3 Bxb5
29. Rc8+ Bd8 30. Rxb5 Ra1+ 31. Rc1 Rxc1+ 32. Bxc1 Kd7) 28... O-O $2 (28... Bxb5
$8) 29. Nc3 $1 Rc2 30. Bxh6 Ra8 31. Rc7 Rd8 32. h3 Bc6 33. Rxe7 Rxc3 34. Bg5
$18 Rcd3 35. Rc7 Rd1+ 36. Rxd1 Rxd1+ 37. Kh2 Rd5 38. Bf6 g5 39. Rc8+ Kh7 40.
Rh8+ Kg6 41. Rg8+ Kf5 42. Rxg5+ Kf4 43. f3 Rd2 44. Rg4+ Ke3 45. Kg3 Rxg2+ 46.
Kxg2 Bxf3+ 47. Kg3 1-0

[Event "23rd Mikhail Chigorin Memorial"]
[Site "Sochi URS"]
[Date "1989.??.??"]
[Round "?"]
[White "Pigusov, Evgeny"]
[Black "Nun, Jiri"]
[WhiteElo "2560"]
[BlackElo "2475"]
[Result "1/2-1/2"]
[EventDate "1989.??.??"]
[PlyCount "47"]

1. Nf3 Nf6 2. c4 e6 3. g3 b6 4. Bg2 Bb7 5. O-O c5 6. Nc3 Be7 7. b3 d5 8. e3
Nbd7 9. Bb2 O-O 10. d3 Qc7 11. Qe2 a6 12. Rfd1 Bc6 13. d4 dxc4 14. bxc4 cxd4
15. exd4 Rfe8 16. d5 exd5 17. cxd5 Bb7 18. Rac1 Bc5 19. Qf1 b5 20. Nd2 Qb6 21.
Nce4 Bf8 22. Nxf6+ Nxf6 23. Nb3 Ne4 24. Bd4 1/2-1/2

[Event "23rd Mikhail Chigorin Memorial"]
[Site "Sochi URS"]
[Date "1989.??.??"]
[Round "?"]
[White "Pigusov, Evgeny"]
[Black "Razuvaev, Yuri"]
[WhiteElo "2560"]
[BlackElo "2545"]
[Result "1/2-1/2"]
[EventDate "1989.??.??"]
[PlyCount "29"]

1. Nf3 Nf6 2. g3 e6 3. Bg2 d5 4. O-O Be7 5. d4 O-O 6. c4 dxc4 7. Qa4 a6 8. Qxc4
b5 9. Qc2 Bb7 10. Bd2 Be4 11. Qc1 Bb7 12. Qc2 Be4 13. Qc1 Bb7 14. Qc2 Be4 15.
Qc1 1/2-1/2

[Event "23rd Mikhail Chigorin Memorial"]
[Site "Sochi URS"]
[Date "1989.??.??"]
[Round "?"]
[White "Pigusov, Evgeny"]
[Black "Ulibin, Mikhail"]
[WhiteElo "2560"]
[BlackElo "2495"]
[Result "1/2-1/2"]
[EventDate "1989.??.??"]
[PlyCount "31"]

1. Nf3 Nf6 2. c4 c5 3. g3 b6 4. Bg2 Bb7 5. O-O e6 6. Nc3 Be7 7. d4 cxd4 8. Qxd4
d6 9. b3 O-O 10. e4 Nbd7 11. Rd1 Qc8 12. h3 Nc5 13. Nd2 a6 14. Bb2 Qc7 15. Rac1
Rad8 16. Qe3 1/2-1/2

[Event "23rd Mikhail Chigorin Memorial"]
[Site "Sochi URS"]
[Date "1989.??.??"]
[Round "?"]
[White "Popchev, Milko"]
[Black "Nun, Jiri"]
[WhiteElo "2425"]
[BlackElo "2475"]
[Result "1/2-1/2"]
[EventDate "1989.??.??"]
[PlyCount "32"]

1. c4 Nf6 2. Nf3 e6 3. Nc3 d5 4. e3 Nbd7 5. d4 c6 6. Bd3 dxc4 7. Bxc4 b5 8. Bd3
Bb7 9. e4 b4 10. Na4 c5 11. e5 Nd5 12. Nxc5 Bxc5 13. dxc5 Qa5 14. Qe2 Nc7 15.
Bd2 Nxc5 16. Bc4 Ne4 1/2-1/2

[Event "23rd Mikhail Chigorin Memorial"]
[Site "Sochi URS"]
[Date "1989.??.??"]
[Round "?"]
[White "Popchev, Milko"]
[Black "Razuvaev, Yuri"]
[WhiteElo "2425"]
[BlackElo "2545"]
[Result "1/2-1/2"]
[EventDate "1989.??.??"]
[PlyCount "94"]

1. e4 c5 2. c4 Nc6 3. Nc3 e6 4. g3 Nf6 5. f4 d5 6. e5 Nd7 7. d3 f5 8. Bg2 d4 9.
Nce2 Qc7 10. Nf3 Be7 11. O-O O-O 12. a3 b6 13. b4 Bb7 14. b5 Nd8 15. a4 a5 16.
bxa6 Rxa6 17. Bd2 Bc6 18. Ne1 Nf7 19. a5 bxa5 20. Rxa5 Rxa5 21. Bxa5 Qb7 22.
Nc1 Ra8 23. Bxc6 Qxc6 24. Bd2 Nd8 25. Qf3 Qxf3 26. Nxf3 Ra3 27. Ne1 Nc6 28. Nc2
Ra8 29. Rf2 Kf7 30. h4 g6 31. Kg2 h6 32. Kf1 Nb6 33. Be1 g5 34. hxg5 hxg5 35.
Rh2 Kg6 36. Nb3 Na4 37. Na3 Nc3 38. Nb5 Nd1 39. Nc7 Ra3 40. Nc1 Ra1 41. Bd2
gxf4 42. gxf4 Nc3 43. Kg2 Na2 44. Nxa2 Rxa2 45. Kf3 Kf7 46. Nb5 Bd8 47. Nd6+
Kg7 1/2-1/2

[Event "23rd Mikhail Chigorin Memorial"]
[Site "Sochi URS"]
[Date "1989.??.??"]
[Round "?"]
[White "Popchev, Milko"]
[Black "Vyzmanavin, Alexey"]
[WhiteElo "2425"]
[BlackElo "2555"]
[Result "0-1"]
[EventDate "1989.??.??"]
[PlyCount "72"]

1. d4 Nf6 2. Nf3 e6 3. g3 b5 4. Bg2 Bb7 5. Qd3 a6 6. a4 b4 7. Nbd2 c5 8. O-O d5
9. dxc5 Nbd7 10. Nb3 Nxc5 11. Nxc5 Bxc5 12. Nd4 O-O 13. Nb3 Be7 14. a5 Qc7 15.
Bd2 Ne4 16. Bf4 e5 17. Be3 Rac8 18. Rfc1 f5 19. Bb6 Qc6 20. e3 f4 21. exf4 exf4
22. Nd4 Qh6 23. Rf1 Bd6 24. Nf3 Qh5 25. Rad1 Rf6 26. Nh4 Rcf8 27. Bf3 Qg5 28.
Ng2 h5 29. Qb3 Kh8 30. Bd4 Rg6 31. Bxe4 dxe4 32. Kh1 e3 33. fxe3 f3 34. Kg1
Bxg3 35. hxg3 Qxg3 36. Rf2 Qh3 0-1

[Event "23rd Mikhail Chigorin Memorial"]
[Site "Sochi URS"]
[Date "1989.??.??"]
[Round "?"]
[White "Razuvaev, Yuri"]
[Black "Kotronias, Vasilios"]
[WhiteElo "2545"]
[BlackElo "2475"]
[Result "1-0"]
[EventDate "1989.??.??"]
[PlyCount "85"]

1. d4 Nf6 2. c4 c5 3. d5 b5 4. Nf3 b4 5. a3 Na6 6. g3 e6 7. Bg2 Bb7 8. Nh4 exd5
9. cxd5 g6 10. O-O Bg7 11. Nd2 O-O 12. Nc4 d6 13. Bf4 Ne8 14. Nf3 bxa3 15. Rxa3
Nb4 16. e4 a5 17. Re1 h6 18. h4 Ra6 19. Qd2 Kh7 20. Nh2 a4 21. Ng4 h5 22. Nge3
Nc7 23. Rea1 Qd7 24. Nd1 Nb5 25. Rxa4 Nd4 26. Rxa6 Bxa6 27. Rxa6 Nxa6 28. Bxd6
Re8 29. Kh2 Nb5 30. Bf4 Nb4 31. e5 Nd4 32. Nd6 Ra8 33. Nc3 Ra6 34. Nce4 Qa7 35.
Ng5+ Kg8 36. Nde4 Ra1 37. e6 fxe6 38. dxe6 Ra6 39. Bd6 Nf5 40. Bh3 Nxd6 41.
Nxd6 Bf6 42. Nge4 Be7 43. Nf7 1-0

[Event "23rd Mikhail Chigorin Memorial"]
[Site "Sochi URS"]
[Date "1989.??.??"]
[Round "?"]
[White "Razuvaev, Yuri"]
[Black "Schlosser, Michael"]
[WhiteElo "2545"]
[BlackElo "2430"]
[Result "1/2-1/2"]
[EventDate "1989.??.??"]
[PlyCount "125"]

1. d4 Nf6 2. c4 g6 3. g3 Bg7 4. Bg2 O-O 5. Nc3 d6 6. Nf3 Nbd7 7. O-O e5 8. e4
exd4 9. Nxd4 Re8 10. Be3 c6 11. h3 Rb8 12. a4 Nc5 13. Qc2 a5 14. Rad1 Qe7 15.
Rfe1 Qc7 16. f4 Nfd7 17. Bf2 Qd8 18. Nb3 Nxb3 19. Qxb3 Qc7 20. Qc2 b6 21. Qd2
Bf8 22. g4 Nc5 23. Bf1 Ba6 24. Bd4 Rbd8 25. Bf6 Be7 26. Bxe7 Qxe7 27. Qf2 f6
28. h4 h6 29. Rd4 g5 30. hxg5 hxg5 31. f5 Qe5 32. Red1 Rd7 33. Qh2 Qxh2+ 34.
Kxh2 Red8 35. Kg3 Kf8 36. R1d2 Ke7 37. Rh2 Rf8 38. Rdd2 Kd8 39. Rh6 Kc7 40.
Rdh2 Rdf7 41. Be2 Re8 42. Rh7 Ree7 43. Rxf7 Rxf7 44. Kf3 Bb7 45. Rh8 Re7 46.
Rh6 Nd7 47. b3 Rf7 48. Kf2 Nf8 49. c5 Nd7 50. cxb6+ Kxb6 51. e5 dxe5 52. Ne4
Ba6 53. Nd6 Rf8 54. Bxa6 Kxa6 55. Ne4 Kb6 56. Ke3 c5 57. Nxg5 c4 58. bxc4 Rg8
59. Ne4 Rxg4 60. Rh7 Nc5 61. Nxf6 Rxc4 62. Rh6 Kb7 63. Nd5 1/2-1/2

[Event "23rd Mikhail Chigorin Memorial"]
[Site "Sochi URS"]
[Date "1989.??.??"]
[Round "?"]
[White "Ruban, Vadim"]
[Black "Pigusov, Evgeny"]
[WhiteElo "2515"]
[BlackElo "2560"]
[Result "1/2-1/2"]
[EventDate "1989.??.??"]
[PlyCount "28"]

1. d4 d5 2. Nf3 Nf6 3. c4 e6 4. e3 Be7 5. Bd3 b6 6. O-O Bb7 7. b3 O-O 8. Bb2 c5
9. Nbd2 Nbd7 10. Rc1 Ne4 11. Bb1 Rc8 12. cxd5 Nxd2 13. Qxd2 Bxd5 14. Qd3 f5
1/2-1/2

[Event "23rd Mikhail Chigorin Memorial"]
[Site "Sochi URS"]
[Date "1989.??.??"]
[Round "?"]
[White "Ruban, Vadim"]
[Black "Popchev, Milko"]
[WhiteElo "2515"]
[BlackElo "2425"]
[Result "1/2-1/2"]
[EventDate "1989.??.??"]
[PlyCount "83"]

1. d4 d6 2. c4 e5 3. Nf3 e4 4. Ng5 f5 5. Nc3 c6 6. Nh3 Na6 7. e3 Nf6 8. Nf4 (8.
d5 $6 g6 9. b3 Bg7 10. Bb2 O-O 11. Qd2 Ng4 12. Be2 Nc5 13. Rd1 $2 Qh4 $1 14.
Na4 $2 f4 $1 {Knaak-Speelman   Thessaloniki olm 1988 36/20   -/+}) 8... g5 9.
Nh5 Be6 10. h4 g4 11. Nf4 Bf7 12. d5 Bg7 13. dxc6 bxc6 14. Qc2 Nc5 15. b3 a5
16. Ba3 Nfd7 17. Rd1 Be5 18. Be2 Qf6 19. Rc1 O-O 20. g3 Rfb8 {=/+} 21. O-O Na6
22. Na4 Ndc5 23. Bxc5 Nxc5 24. Nxc5 dxc5 25. Rb1 Rb4 26. a3 Rb7 27. Rfd1 Bc3
28. Qc1 Rab8 29. Bf1 Be5 30. a4 Qe7 $6 {30...Rxb3  31.Rxb3,Rxb3  32.Rd7 Qc3 -/+
} 31. Rd2 Rd7 {31...Rxb3  32.Rxb3,Rxb3  33.Qd1,Rb7  =/+} 32. Be2 Rxd2 33. Qxd2
Qc7 34. Qa2 Qb6 35. Qa3 Rd8 36. Rd1 Rxd1+ 37. Bxd1 Qd8 38. Qc1 Bxf4 39. exf4
Qd3 40. Bc2 Qc3 41. Qd1 Qd4 42. Qe1 1/2-1/2

[Event "23rd Mikhail Chigorin Memorial"]
[Site "Sochi URS"]
[Date "1989.??.??"]
[Round "?"]
[White "Schlosser, Michael"]
[Black "Kholmov, Ratmir"]
[WhiteElo "2430"]
[BlackElo "2485"]
[Result "1-0"]
[EventDate "1989.??.??"]
[PlyCount "49"]

1. e4 c6 2. d4 d5 3. Nd2 dxe4 4. Nxe4 Nd7 5. Ng5 Ngf6 6. Bd3 e6 7. N1f3 h6 8.
Nxe6 Qe7 9. O-O fxe6 10. Bg6+ Kd8 11. Bf4 Nd5 12. Bg3 Qb4 13. Re1 Be7 14. a3
Qxb2 15. c4 Nc3 16. Qd3 Na4 17. Qe3 Nf8 18. Ne5 Nxg6 19. Nxg6 Rf8 20. Nxf8 Bxf8
21. Qf4 Ke8 22. Qf5 Nc3 23. Rxe6+ Bxe6 24. Qxe6+ Be7 25. Re1 1-0

[Event "23rd Mikhail Chigorin Memorial"]
[Site "Sochi URS"]
[Date "1989.??.??"]
[Round "?"]
[White "Schlosser, Michael"]
[Black "Kotronias, Vasilios"]
[WhiteElo "2430"]
[BlackElo "2475"]
[Result "0-1"]
[EventDate "1989.??.??"]
[PlyCount "104"]

1. e4 c5 2. Nf3 d6 3. d4 cxd4 4. Nxd4 Nf6 5. Nc3 Nc6 6. Bc4 Qb6 7. Ndb5 a6 8.
Be3 Qa5 9. Nd4 Ng4 10. Nxc6 bxc6 11. Bd2 Qc7 12. h3 Ne5 13. Bb3 g6 14. O-O Bg7
15. Qc1 O-O 16. Bh6 a5 17. Bxg7 Kxg7 18. Qe3 Ba6 19. Rfe1 Qa7 20. Nd1 Qxe3 21.
Nxe3 Rfb8 22. Rab1 Rb4 23. f3 Rab8 24. a3 R4b6 25. Nd1 Nd3 26. Re3 Nc5 27. Ba2
e5 28. Rc3 Kf8 29. Kf2 Ke7 30. Ke1 h5 31. h4 Bc8 32. Kd2 f5 33. exf5 gxf5 34.
Bc4 f4 35. Kc1 Bf5 36. Nf2 Na4 37. Rb3 Rxb3 38. Bxb3 Rxb3 39. cxb3 Nc5 40. Ne4
Nxe4 41. fxe4 Bxe4 42. Ra1 Bxg2 43. Kd2 d5 44. b4 axb4 45. a4 Kd6 46. a5 Kc7
47. a6 Kb8 48. Rc1 f3 49. Ke1 e4 50. Kf2 d4 51. Rxc6 e3+ 52. Kg3 d3 0-1

[Event "23rd Mikhail Chigorin Memorial"]
[Site "Sochi URS"]
[Date "1989.??.??"]
[Round "?"]
[White "Schlosser, Michael"]
[Black "Pigusov, Evgeny"]
[WhiteElo "2430"]
[BlackElo "2560"]
[Result "1/2-1/2"]
[EventDate "1989.??.??"]
[PlyCount "48"]

1. e4 c5 2. Nf3 Nc6 3. d4 cxd4 4. Nxd4 g6 5. c4 Bg7 6. Be3 Nf6 7. Nc3 O-O 8.
Be2 b6 9. O-O Bb7 10. Nxc6 Bxc6 11. f3 d6 12. Qd2 Rc8 13. Rfd1 Re8 14. Rac1 Qd7
15. Bf1 Qb7 16. Bg5 Nd7 17. Nd5 Nc5 18. Rc2 a5 19. b3 Rcd8 20. Qc1 Rd7 21. Kh1
Ne6 22. Be3 Nc5 23. Bg5 Ne6 24. Be3 Nc5 1/2-1/2

[Event "23rd Mikhail Chigorin Memorial"]
[Site "Sochi URS"]
[Date "1989.??.??"]
[Round "?"]
[White "Schlosser, Michael"]
[Black "Popchev, Milko"]
[WhiteElo "2430"]
[BlackElo "2425"]
[Result "1/2-1/2"]
[EventDate "1989.??.??"]
[PlyCount "115"]

1. e4 d6 2. d4 Nf6 3. Nc3 g6 4. f4 Bg7 5. Nf3 O-O 6. Be2 c5 7. dxc5 Qa5 8. O-O
Qxc5+ 9. Kh1 Nc6 10. Bd3 Nb4 11. Qe1 Nxd3 12. cxd3 b6 13. Be3 Qh5 14. Bd4 Bb7
15. a4 Ba6 16. Qd2 e5 17. Bg1 exf4 18. Qxf4 Ng4 19. Qxd6 Rfd8 20. Qc7 Bxd3 21.
Rfd1 Ne5 22. Nd5 Rd7 23. Qxd7 Nxd7 24. Rxd3 Ne5 25. Nxe5 Bxe5 26. Rf3 Bxb2 27.
Raf1 Rf8 28. a5 Qg4 29. axb6 Qxe4 30. Nf6+ Bxf6 31. Rxf6 axb6 32. Bxb6 Rb8 33.
Bg1 Qd5 34. h3 h5 35. R6f4 Rb3 36. R4f3 Rb7 37. Rf4 f5 38. Rd4 Qc6 39. Rfd1 Rb2
40. Rd8+ Kf7 41. R8d2 Rxd2 42. Rxd2 g5 43. Rf2 Qe4 44. Rf1 Kg6 45. Bh2 Qd3 46.
Rg1 g4 47. hxg4 fxg4 48. Bb8 g3 49. Bxg3 Qxg3 50. Rf1 Qg4 51. Rf3 Qh4+ 52. Rh3
Qd4 53. Kh2 Qe5+ 54. Kg1 h4 55. Rf3 Qe1+ 56. Kh2 Kg5 57. Rh3 Kg4 58. Rf3
1/2-1/2

[Event "23rd Mikhail Chigorin Memorial"]
[Site "Sochi URS"]
[Date "1989.??.??"]
[Round "?"]
[White "Schlosser, Michael"]
[Black "Ulibin, Mikhail"]
[WhiteElo "2430"]
[BlackElo "2495"]
[Result "1/2-1/2"]
[EventDate "1989.??.??"]
[PlyCount "136"]

1. e4 e6 2. d4 d5 3. e5 c5 4. c3 Nc6 5. Nf3 Bd7 6. a3 Nge7 7. b4 cxd4 8. cxd4
Nf5 9. Bb2 Be7 10. Bd3 Qb6 {
Durch Zugumstellung ist eine schon mehrmals gespielte Stellung entstanden} 11.
Nbd2 $2 (11. Bxf5 exf5 12. Nc3 Be6 13. O-O O-O (13... g5 14. Na4 Qb5 15. Nc5 g4
16. Ne1 a5 17. a4 $1 Qxb4 18. Rb1 Bxc5 19. Nd3 $16 {
Goduns-Tabatadse, GMA-qual 1989}) 14. Qd3 Rac8 $10 {
Gorelov-Yudasin, Minsk 1985 i40(330)}) (11. O-O g5 (11... a5 $1 12. b5 Ncxd4
13. Nxd4 Nxd4 14. Qg4 Nb3) 12. Bxf5 exf5 13. Nc3 Be6 14. Na4 Qb5 15. Nc5 g4 16.
Ne1 Bxc5 17. dxc5 {war +/- in Fedorowicz-Dohojan, Wijk II 1989 i47/334}) 11...
a5 $1 12. b5 Ncxd4 13. Nxd4 Nxd4 $19 14. a4 O-O (14... Bb4 $6 15. O-O Bxd2 $2
16. Qxd2 Nb3 17. Qg5 Nxa1 18. Ba3 $18) 15. Nc4 $5 dxc4 16. Bxd4 Bc5 17. Bxc5
Qxc5 18. Be2 Qxe5 $6 (18... Qb4+ $1 19. Qd2 Rfc8 20. Rc1 c3 21. Qxd7 Rd8 22.
Qc7 Rac8 23. Qb6 c2+ 24. Kf1 Qb1 25. Qe3 Rd1+ 26. Bxd1 cxd1=Q+ 27. Rxd1 Qxd1+
28. Qe1 Rc1 $19) 19. O-O Rfd8 20. Qc2 {Weiss gewinnt einen Bauern zurueck und
der Vorteil von Schwarz ist dann schwer zu verwerten.} 20... Rac8 21. Ra3 c3
22. Bf3 b6 23. Rc1 Rc5 24. Rxc3 Rdc8 25. Rxc5 Rxc5 26. Qd2 Rxc1+ 27. Qxc1 g6 (
27... Kf8 $5 $17) 28. g3 Qd4 (28... Qd6 $5 29. Bc6 Qc7 $17) 29. Bc6 $1 Bc8 30.
Bf3 Bd7 31. Bc6 e5 32. Bxd7 Qxd7 33. Qc6 Qd4 34. Qf6 $15 Qd1+ 35. Kg2 Qd5+ 36.
Kg1 Qd4 37. Kg2 h5 38. h4 Kf8 39. Kg1 Ke8 40. Kg2 Qd5+ 41. Kg1 Qe6 42. Qh8+ Kd7
43. Qb8 Qd6 44. Qb7+ Ke6 45. Qc8+ Kd5 46. Qb7+ Ke6 47. Qc8+ Qd7 48. Qb8 Qd1+
49. Kg2 Qd6 50. Qe8+ Kf6 51. Qh8+ Kf5 52. Qc8+ Qe6 53. Qd8 f6 54. Qc7 Qd5+ 55.
Kh2 Qd4 56. Qc8+ Ke4 57. Qc6+ Kd3 58. Qxf6 e4 59. Qf4 Kc2 60. Kg2 Kb2 61. Qf7
1/2-1/2